La obra pictórica completa de los Van Eyck / (Record no. 180547)

MARC details
000 -LEADER
campo de control de longitud fija 01014nam a2200289 i 4500
001 - NÚMERO DE CONTROL
campo de control 180547
003 - IDENTIFICADOR DE NÚMERO DE CONTROL
campo de control ES-MaACL
005 - FECHA Y HORA DE LA ÚLTIMA TRANSACCIÓN
campo de control 20251012212309.0
008 - DATOS DE LONGITUD FIJA--INFORMACIÓN GENERAL
campo de control de longitud fija 120612s1969 sp af |||| |bspa d
080 ## - NÚMERO DE LA CLASIFICACIÓN DECIMAL UNIVERSAL
Número de la Clasificación Decimal Universal 75Eyck, Jan van
080 ## - NÚMERO DE LA CLASIFICACIÓN DECIMAL UNIVERSAL
Número de la Clasificación Decimal Universal 75Eyck, Hubert van
100 1# - ENTRADA PRINCIPAL--NOMBRE DE PERSONA
Nombre de persona Eyck, Jan van,
Fechas asociadas al nombre 1390-1440
9 (RLIN) 150508
245 13 - MENCIÓN DEL TÍTULO
Título La obra pictórica completa de los Van Eyck /
Mención de responsabilidad, etc. introducción de Raffaello Brignetti ; biografía y estudios críticos de Giorgio T. Faggin.
246 38 - FORMA VARIANTE DEL TITULO
Título propio/Titulo breve Van Eyck
260 ## - PUBLICACIÓN, DISTRIBUCIÓN, ETC.
Lugar de publicación, distribución, etc. Barcelona :
Nombre del editor, distribuidor, etc. Noguer,
Fecha de publicación, distribución, etc. [1969] (
Fabricante Rizzoli)
300 ## - DESCRIPCIÓN FÍSICA
Extensión 103 p. :
Otras características físicas il. col. y n. ;
Dimensiones 32 cm.
490 1# - MENCIÓN DE SERIE
Mención de serie Clásicos del arte ;
Designación de volumen o secuencia 8
500 ## - NOTA GENERAL
Nota general Índices.
504 ## - NOTA DE BIBLIOGRAFÍA, ETC.
Nota de bibliografía, etc. Bibliografía: p. 82.
600 17 - PUNTO DE ACCESO ADICIONAL DE MATERIA--NOMBRE DE PERSONA
Nombre de persona Eyck, Jan van,
Fechas asociadas al nombre 1390-1440
Fuente del encabezamiento o término
9 (RLIN) 150508
600 17 - PUNTO DE ACCESO ADICIONAL DE MATERIA--NOMBRE DE PERSONA
Nombre de persona Eyck, Hubert van,
Fechas asociadas al nombre 1366-1426
Fuente del encabezamiento o término
9 (RLIN) 150509
700 1# - ENTRADA AGREGADA--NOMBRE PERSONAL
Nombre de persona Brignetti, Raffaello.
9 (RLIN) 31729
700 1# - ENTRADA AGREGADA--NOMBRE PERSONAL
Nombre de persona Faggin, Giorgio T.
9 (RLIN) 150510
830 0# - PUNTO DE ACCESO ADICIONAL DE SERIE-TÍTULO UNIFORME
Título uniforme Clásicos del arte ;
Designación de volumen o secuencia 8
9 (RLIN) 191252
852 ## - LOCALIZACIÓN
Ubicación ES-MaACL
Número de control de estantería L-31043
Holdings
Estatus retirado Estado de pérdida Estado de daño No para préstamo Biblioteca de origen Biblioteca actual Ubicación en estantería Fecha de adquisición Fuente de adquisición Total de préstamos Signatura topográfica completa Código de barras Visto por última vez Precio de reemplazo Tipo de ítem Koha
        Biblioteca del Ateneo de Madrid Biblioteca del Ateneo de Madrid Depósito 2 12/06/2012     L-31043 1189716 23/02/2023 23/02/2023 Libro impreso